000 00343nam a2200145Ia 4500
008 220928s9999 xx 000 0 und d
082 _bSAH
100 _aSAHAY, YAMINI
245 0 _aFEMINISM ETHICAL ISSUE VOL-1
250 _a1ST
260 _bCO-OPERATION PUBLICATION, JAIPUR
_c2013
300 _a188
650 _aGeneral
942 _cBK
999 _c206645
_d206645